Indira Gandhi / (Record no. 16773)

MARC details
000 -LEADER
fixed length control field 01606nam a2200313 a 4500
005 - DATE AND TIME OF LATEST TRANSACTION
control field 20070314083947.0
008 - FIXED-LENGTH DATA ELEMENTS--GENERAL INFORMATION
fixed length control field 060818s2006 ii a 001 0beng
010 ## - LCCN (DPL NO)
LC control number B-268575-579
020 ## - INTERNATIONAL STANDARD BOOK NUMBER
International Standard Book Number 8123746555
Terms of availability 200.00
035 ## - SYSTEM CONTROL NUMBER
System control number B-268575-579
040 ## - CATALOGING SOURCE
Original cataloging agency dpl
Language of cataloging English
082 ## - DEWEY DECIMAL CLASSIFICATION NUMBER
Classification number 921
100 ## - MAIN ENTRY--PERSONAL NAME
Personal name Malhotra, Inder
245 ## - TITLE STATEMENT
Title Indira Gandhi /
Statement of responsibility, etc by Inder Malhotra.
260 ## - PUBLICATION, DISTRIBUTION, ETC. (IMPRINT)
Place of publication, distribution, etc New Delhi
Name of publisher, distributor, etc National Book Trust
Date of publication, distribution, etc 2006
300 ## - PHYSICAL DESCRIPTION
Extent xvi, 197 p. :
Other physical details b&w photos
Dimensions 23 cm (Hb)
490 ## - SERIES STATEMENT
Series statement National biography
500 ## - GENERAL NOTE
General note Includes index.
600 ## - SUBJECT ADDED ENTRY--PERSONAL NAME
Personal name Gandhi, Indira,
Dates associated with a name 1917-1984.
650 ## - SUBJECT ADDED ENTRY--TOPICAL TERM
Topical term or geographic name as entry element Women prime ministers
Geographic subdivision India
Form subdivision Biography.
710 ## - ADDED ENTRY--CORPORATE NAME
Corporate name or jurisdiction name as entry element National Book Trust.
942 ## - ADDED ENTRY ELEMENTS (KOHA)
Source of classification or shelving scheme Dewey Decimal Classification
Item type English Books
Classification part 921
Call number suffix MAL
Holdings
Withdrawn status Lost status Source of classification or shelving scheme Damaged status Not for loan Collection code Home library Current library Date acquired Source of acquisition Cost, normal purchase price Total Checkouts Full call number Barcode Date last seen Copy number Cost, replacement price Koha item type Public note Total Renewals
    Dewey Decimal Classification     Non-fiction Central Library Central Library 12/11/2008 North India/N122/08/22.5.08/104/30.10.07/5.6.08 200.00 4 921 MAL B-268575 18/05/2022 1 200.00 English Books Legal Case (Register No. 26)  
    Dewey Decimal Classification     Non-fiction Karol Bagh Karol Bagh 12/11/2008   200.00   921 MAL B-268578 12/11/2008 1 200.00 English Books    
    Dewey Decimal Classification     Non-fiction Patel Nagar Patel Nagar 12/11/2008   200.00 5 921 MAL B-268576 22/01/2020 1 200.00 English Books   3
Binding   Dewey Decimal Classification     Non-fiction Sarojini Nagar Sarojini Nagar 12/11/2008   200.00   921 MAL B-268577 12/11/2008 1 200.00 English Books Withdrawn List Prepared L.No.142/25  
    Dewey Decimal Classification     Non-fiction Shahdara Branch Shahdara Branch 12/11/2008   200.00   921 MAL B-268579 12/11/2008 1 200.00 English Books    

© Delhi Public Library
Hit Counter
free hit counter